Science, Technology & Human Values Journal of the Society for Social Studies of Science
Enregistré dans:
| Format: | Publication en série |
|---|---|
| Langue: | anglais |
| Publié: |
Thousand Oaks
SAGE Periodicals Press
|
| Sujets: | |
| Tags: |
Pas de tags, Soyez le premier à ajouter un tag!
|
MARC
| LEADER | 00000nas1a22000001 4500 | ||
|---|---|---|---|
| 001 | s120223 | ||
| 005 | 20250701092104.7 | ||
| 022 | |a 0162-2439 | ||
| 022 | |a 1552-8251 | ||
| 041 | 0 | |a eng | |
| 044 | |a US | ||
| 245 | 1 | 0 | |a Science, Technology & Human Values |b Journal of the Society for Social Studies of Science |
| 264 | 1 | |a Thousand Oaks |b SAGE Periodicals Press | |
| 610 | 2 | 0 | |a veda |
| 610 | 2 | 0 | |a technológia |
| 610 | 2 | 0 | |a výskum vedecký |
| 610 | 2 | 0 | |a spoločnosť |
| 610 | 2 | 0 | |a kultúra |